|
|
|
|
| LEADER |
01143nam a2200289 i 4500 |
| 001 |
c000304988 |
| 003 |
CARM |
| 005 |
00000000000000.0 |
| 008 |
840405s1976 cau 0 eng d |
| 019 |
1 |
|
|a 69847319
|5 LACONCORD2021
|
| 035 |
|
|
|a (OCoLC)4537193
|5 LACONCORD2021
|
| 082 |
0 |
4 |
|a 621.38195
|
| 110 |
2 |
|
|a Adam Osborne and Associates.
|
| 245 |
1 |
3 |
|a An introduction to microcomputers /
|c Adam Osborne and Associates.
|
| 246 |
3 |
|
|a Beginner's book
|
| 260 |
|
|
|a Berkeley, Calif. :
|b Adam Osborne and Associates,
|c 1976-.
|
| 300 |
|
|
|a 3v. :
|b ill.
|
| 500 |
|
|
|a Set made up of various editions.
|
| 500 |
|
|
|a Introductory volume called vol. 0, by Adam Osborne has also special title: The beginner's book.
|
| 500 |
|
|
|a Volume 1 has title: Basic concepts.
|
| 500 |
|
|
|a Volumes 2 has title: Some real products.
|
| 650 |
|
0 |
|a Microcomputers.
|
| 650 |
|
0 |
|a Microprocessors.
|
| 700 |
1 |
|
|a Osborne, Adam.
|
| 852 |
8 |
|
|b CARM
|h A2:AB23H0
|i A05423
|p 0507062
|f BK
|
| 999 |
f |
f |
|i f7077d31-0bf7-5005-a627-3d03505fef25
|s fa4f9c49-ab14-5d99-ae4d-4f43b3e70939
|
| 952 |
f |
f |
|p Can circulate
|a CAVAL
|b CAVAL
|c CAVAL
|d CARM 1 Store
|e A05423
|f A2:AB23H0
|h Other scheme
|i book
|m 0507062
|